| 000 | 00424nam a2200169Ia 4500 | ||
|---|---|---|---|
| 008 | 230524s9999 xx 000 0 und d | ||
| 020 | _a0070990107 | ||
| 082 |
_a516.35 _bSPI |
||
| 100 | _aMurry R.Spiegel | ||
| 245 | 0 | _aTheory and Problems of Complex Variables | |
| 250 | _a1ST | ||
| 260 |
_aNEW DELHI _bMc Graw-Hill _c1989 |
||
| 300 | _aII;307 | ||
| 500 | _aQuantity Number: 3 | ||
| 650 | _aMathematics | ||
| 942 | _cBK | ||
| 999 |
_c25967 _d25967 |
||